LDR 00680naa#a2200169#i#450# 001 EN\\bibl\91894 005 20260514220332.4 011 ## _a2312-7937 100 ## _a20250416b2025####ek#y0engy0150####ca 102 ## _aRU 200 1# _aDEVELOPMENT OF THE INSTITUTION OF CRIMINAL LIABILITY FOR ILLICIT TRAFFICKING IN NARCOTIC DRUGS AND PSYCHOTROPIC SUBSTANCES _eJournal article 210 1# _aDomodedovo _cAll-Russian Advanced Training Institute of the Ministry of the Interior of the Russian Federation _d2025 215 ## _a5 с. 608 ## _aJournal article _2local 675 ## _aПраво. Юридические науки. 34 _z 700 #1 _aPopova _gAnastasiya Aleksandrovna 856 4# _avipkmvd.editorum.ru _u